Programa de historia de América: período indígena
Đã lưu trong:
| Tác giả chính: | |
|---|---|
| Định dạng: | Sách |
| Ngôn ngữ: | Tiếng Tây Ban Nha |
| Được phát hành: |
Ciudad de México, México
Instituto Panamericano de Geografía e Historia
1963
|
| Loạt: | Instituto Panamericano de Geografía e Historia,
109 |
| Những chủ đề: | |
| Các nhãn: |
Thêm thẻ
Không có thẻ, Là người đầu tiên thẻ bản ghi này!
|
MARC
| LEADER | 00000nam a2200000 a 4500 | ||
|---|---|---|---|
| 001 | UCO2703 | ||
| 003 | CL-VaPUC | ||
| 005 | 20211106074450.0 | ||
| 008 | 000608e19630000MX |||||||||||||||||spa|d | ||
| 999 | |c 289202 |d 289200 | ||
| 040 | |c Pontificia Universidad Católica de Valparaíso | ||
| 082 | 0 | 4 | |a 980.012 ARM 1963 |2 21 |
| 100 | 0 | |a Armillas, Pedro |e author |9 446244 | |
| 245 | 1 | 0 | |a Programa de historia de América: |b período indígena |
| 260 | |a Ciudad de México, México |b Instituto Panamericano de Geografía e Historia |c 1963 | ||
| 300 | |a 178 páginas | ||
| 490 | 0 | |a Instituto Panamericano de Geografía e Historia, |v 109 | |
| 583 | |a last modification |c 20000608 00:00:00 |k Rodrigo Vera | ||
| 650 | 0 | |a Historia de América |9 266076 | |
| 650 | 0 | |a Indígenas |z AMERICA |9 317064 | |
| 650 | 0 | |a Historia antigua |z AMERICA |9 267521 | |
| 942 | |c BK |2 ddc | ||
| 945 | |d 20000608 00:00:00 |a rherrera | ||
| 952 | |0 0 |1 0 |2 ddc |4 0 |6 980_012000000000000_ARM_1963 |7 0 |8 A |9 337428 |a BIBHIS |b BIBHIS |d 2019-11-20 |i 1286110 |o 980.012 ARM 1963 |p 1286110 |r 2025-01-20 |t 1 |w 2019-11-20 |y BK |k HIS | ||